<?xml version="1.0" encoding="UTF-8"?><?xml-stylesheet type="text/xsl" href="static/style.xsl"?><OAI-PMH xmlns="http://www.openarchives.org/OAI/2.0/" xmlns:xsi="http://www.w3.org/2001/XMLSchema-instance" xsi:schemaLocation="http://www.openarchives.org/OAI/2.0/ http://www.openarchives.org/OAI/2.0/OAI-PMH.xsd"><responseDate>2026-04-17T03:19:18Z</responseDate><request verb="GetRecord" identifier="oai:www.recercat.cat:2445/202237" metadataPrefix="marc">https://recercat.cat/oai/request</request><GetRecord><record><header><identifier>oai:recercat.cat:2445/202237</identifier><datestamp>2025-12-04T21:37:18Z</datestamp><setSpec>com_2072_1057</setSpec><setSpec>col_2072_478917</setSpec><setSpec>col_2072_478938</setSpec></header><metadata><record xmlns="http://www.loc.gov/MARC21/slim" xmlns:dcterms="http://purl.org/dc/terms/" xmlns:xsi="http://www.w3.org/2001/XMLSchema-instance" xmlns:doc="http://www.lyncode.com/xoai" xsi:schemaLocation="http://www.loc.gov/MARC21/slim http://www.loc.gov/standards/marcxml/schema/MARC21slim.xsd">
   <leader>00925njm 22002777a 4500</leader>
   <datafield ind2=" " ind1=" " tag="042">
      <subfield code="a">dc</subfield>
   </datafield>
   <datafield ind2=" " ind1=" " tag="720">
      <subfield code="a">Sánchez Castiñeira, Sergi</subfield>
      <subfield code="e">author</subfield>
   </datafield>
   <datafield ind2=" " ind1=" " tag="260">
      <subfield code="c">2023-09-29T07:56:29Z</subfield>
   </datafield>
   <datafield ind2=" " ind1=" " tag="260">
      <subfield code="c">2023-09-29T07:56:29Z</subfield>
   </datafield>
   <datafield ind2=" " ind1=" " tag="260">
      <subfield code="c">2021-11</subfield>
   </datafield>
   <datafield ind2=" " ind1=" " tag="520">
      <subfield code="a">X Premi de recerca en treball social Dorlors Arteman</subfield>
   </datafield>
   <datafield ind2=" " ind1=" " tag="520">
      <subfield code="a">Aquesta investigació és el resultat de la tesi doctoral de l’autor sota   la direcció de la Dra. Anna Escobedo Caparros i la Dra. M. Soledad   García Cabeza (Universitat de Barcelona).</subfield>
   </datafield>
   <datafield ind2=" " ind1=" " tag="520">
      <subfield code="a">Podeu consultar la tesi original a recurs relacionat</subfield>
   </datafield>
   <datafield ind2=" " ind1=" " tag="520">
      <subfield code="a">Aquest estudi explora com les treballadores socials dels serveis socials bàsics tracten de proporcionar suport a persones usuàries que es troben en situacions dramàtiques de vulnerabilitat econòmica i social. Les professionals despleguen una gran riquesa de coneixements i d’habilitats (que no sempre resulta evident) per respondre a situacions urgents i extremes. Malgrat aquest nivell de compromís i de creativitat, l’escassetat i a vegades la ineficàcia dels recursos i serveis, així com un context socioeconòmic difícil, provoquen que la intervenció professional tingui un caràcter més pal·liatiu que empoderador.  &#xd;
&#xd;
 &#xd;
&#xd;
Aquesta mirada sistemàtica a la pràctica del treball social evidencia que, a vegades, el món acadèmic genera unes explicacions i unes metodologies desconnectades de la realitat. Certament, davant unes necessitats socials complexes que es presenten amb caràcter d’urgència, les intervencions realment disponibles sovint tenen un caràcter imperfecte i a vegades transgressor. En realitat, la societat delega sobre les treballadores socials múltiples responsabilitats, que a vegades resulten contradictòries i que sovint són impossibles d’assolir. Durant les entrevistes d’investigació, les treballadores socials han expressat aquests límits del treball social amb una lucidesa extraordinària, potser propiciada pels dilemes ètics i les tensions emocionals derivades d’haver d’intervenir a diari en situacions humanes complicades i desesperades.  &#xd;
&#xd;
 &#xd;
&#xd;
L’estudi conclou, primer, que cal establir polítiques de rendes garantides, així com incrementar l’autonomia professional enfront de dinàmiques burocràtiques i de la pressió assistencial als serveis socials bàsics. En segon lloc, l’objectiu manifest de posar l’interés de la persona al centre de la intervenció, ha de significar també que el processos de millora de la qualitat dels serveis socials incloguin explcícitament les experiències i les opinions de les usuàries. Per últim, el treball social no pot comprendre’s únicament com una pràctica amb connotacions tècnics o relacionals, atès que l’acció professional sempre té un impacte en termes d’opressió i de justícia social.</subfield>
   </datafield>
   <datafield tag="653" ind2=" " ind1=" ">
      <subfield code="a">Treball social</subfield>
   </datafield>
   <datafield tag="653" ind2=" " ind1=" ">
      <subfield code="a">Serveis socials</subfield>
   </datafield>
   <datafield tag="653" ind2=" " ind1=" ">
      <subfield code="a">Pobresa</subfield>
   </datafield>
   <datafield tag="653" ind2=" " ind1=" ">
      <subfield code="a">Política social</subfield>
   </datafield>
   <datafield tag="653" ind2=" " ind1=" ">
      <subfield code="a">Social work</subfield>
   </datafield>
   <datafield tag="653" ind2=" " ind1=" ">
      <subfield code="a">Human services</subfield>
   </datafield>
   <datafield tag="653" ind2=" " ind1=" ">
      <subfield code="a">Poverty</subfield>
   </datafield>
   <datafield tag="653" ind2=" " ind1=" ">
      <subfield code="a">Social policy</subfield>
   </datafield>
   <datafield ind2="0" ind1="0" tag="245">
      <subfield code="a">El treball social  en acció: Pràctica professional  en els serveis socials bàsics. Un estudi de cas de Tarragona (2011-2016).</subfield>
   </datafield>
</record></metadata></record></GetRecord></OAI-PMH>